Essays on the history of British sociological research (Record no. 176410)

MARC details
000 -LEADER
fixed length control field 00766nam a2200229Ia 4500
008 - FIXED-LENGTH DATA ELEMENTS--GENERAL INFORMATION
fixed length control field 191130s1985##################000#0#eng##
020 ## - INTERNATIONAL STANDARD BOOK NUMBER
ISBN 9780521274845
082 ## - DEWEY DECIMAL CLASSIFICATION NUMBER
Classification number 301.072041 BUL
245 ## - TITLE STATEMENT
Title Essays on the history of British sociological research
Statement of responsibility, etc edited by Martin Bulmer
260 ## - PUBLICATION, DISTRIBUTION, ETC. (IMPRINT)
Place of publication Cambridge
Name of publisher Cambridge University Press
Year of publication c1985
300 ## - PHYSICAL DESCRIPTION
Number of Pages xiv, 257 p. ; 24 cm
500 ## - GENERAL NOTE
General note Includes bibliographical references and indexes
650 ## - SUBJECT ADDED ENTRY--TOPICAL TERM
Topical Term Abrams, Philip
Topical Term Sociology - Great Britain - History - Congresses
Topical Term Sociology - Research - Great Britain - Congresses
700 ## - ADDED ENTRY--PERSONAL NAME
Personal name Bulmer, Martin
991 ## -
-- 234148
Holdings
Withdrawn status Lost status Damaged status Not for loan Home library Current library Shelving location Date acquired Full call number Accession Number Price effective from Koha item type
        Anna Centenary Library Anna Centenary Library 3RD FLOOR, B WING 13.10.2020 301.072041 BUL 234352 13.10.2020 English Books

Find us on the map